[Event "OHRA it"]
[Site "Brussels BEL"]
[Date "1985.12.??"]
[Round "3"]
[White "Garcia Palermo, Carlos"]
[Black "Iclicki, Willy"]
[Result "1-0"]
[WhiteElo "2515"]
[BlackElo "2225"]
[EventDate "1985.12.15"]
[PlyCount "60"]

1.d4 d5 2.Nf3 c6 3.c4 Nf6 4.e3 e6 5.Bd3 Nbd7 6.O-O Be7 7.Nc3 O-O 8.Qe2 Re8
9.e4 dxe4 10.Nxe4 Nxe4 11.Qxe4 Nf8 12.Bf4 Bf6 13.Rad1 Qe7 14.Be5 Bd7 15.c5
Bxe5 16.Nxe5 b6 17.Ba6 Bc8 18.Nxc6 Qc7 19.cxb6 Qxb6 20.Bxc8 Raxc8 21.Rc1 
Qb7 22.b4 Ng6 23.Rc5 f5 24.Qc2 Kh8 25.g3 a6 26.Re1 f4 27.a4 fxg3 28.hxg3 
Qf7 29.Qe4 Qb7 30.Rec1 1-0

[Event "OHRA it"]
[Site "Brussels BEL"]
[Date "1985.12.??"]
[Round "4"]
[White "Polgar, Zsuzsa"]
[Black "Kortschnoj, Viktor"]
[Result "0-1"]
[WhiteElo "2430"]
[BlackElo "2630"]
[EventDate "1985.12.15"]
[PlyCount "120"]

1.d4 Nf6 2.c4 g6 3.Nc3 d5 4.Bg5 Ne4 5.Bh4 c6 6.e3 Bg7 7.Nf3 O-O 8.Bd3 Nxc3
9.bxc3 Nd7 10.O-O Nf6 11.cxd5 cxd5 12.c4 b6 13.Qb3 Be6 14.Ng5 Bf5 15.Bxf5 
gxf5 16.Rfc1 Rc8 17.cxd5 Qxd5 18.Qa3 Qb7 19.h3 a6 20.Qb3 Nd5 21.Qd3 Rxc1+ 
22.Rxc1 Rc8 23.Qa3 b5 24.Rc5 h6 25.Nf3 e6 26.Qc1 Rxc5 27.dxc5 Nc3 28.Qd2 
Qc8 29.Be7 Ne4 30.Qc1 Qc7 31.c6 Nc3 32.Qa3 Qxc6 33.Qa5 Ne4 34.Qd8+ Kh7 35.
Bh4 Qd6 36.Qe8 Qc7 37.g4 fxg4 38.hxg4 Nd6 39.Qa8 Qb7 40.Qxb7 Nxb7 41.Be7 
Na5 42.Kf1 Nc6 43.Bd6 Kg8 44.Ke2 Bf8 45.Ne5 Nxe5 46.Bxe5 Kh7 47.e4 Kg6 48.
Bc7 Bb4 49.Bd8 a5 50.Kd3 a4 51.f3 Bd6 52.Bb6 Kg5 53.Be3+ Kh4 54.Bxh6 Kg3 
55.Ke2 b4 56.Bd2 b3 57.axb3 axb3 58.Be1+ Kg2 59.Bc3 Ba3 60.Kd3 Kxf3 0-1